[Event "Potiguar-ch sf"]
[Site "Natal"]
[Date "2015.09.07"]
[Round "7"]
[White "Do Nascimento, Denner Leonardo O"]
[Black "De Souza, Jose Roberto"]
[Result "1/2-1/2"]
[WhiteElo "1447"]
[BlackElo "1600"]
[PlyCount "118"]
[EventDate "2015.09.04"]
[EventType "swiss"]
[EventRounds "7"]
[EventCountry "BRA"]
[SourceTitle "EXT 2022"]
[Source "ChessBase"]
[SourceDate "2021.10.06"]
[SourceVersion "1"]
[SourceVersionDate "2021.10.06"]
[SourceQuality "1"]

1. d4 d6 2. c4 Nf6 3. Nc3 c6 4. e4 Qc7 5. f3 g6 6. Be3 Bg7 7. Bd3 0-0 8. Qd2 Nbd7 9. Bh6 e5 10. Bxg7 Kxg7 11. d5 cxd5 12. cxd5 a6 13. Nh3 Nc5 14. Nf2 Bd7 15. 0-0 Rac8 16. Rfc1 Qb6 17. Kf1 Nxd3 18. Nxd3 Rc7 19. Qf2 Qxf2+ 20. Kxf2 Rfc8 21. Ke1 b5 22. Kd2 a5 23. Nd1 Rxc1 24. Rxc1 Rxc1 25. Kxc1 b4 26. b3 Bb5 27. N1f2 Nd7 28. Kb2 f6 29. a3 bxa3+ 30. Kxa3 Kf7 31. f4 g5 32. fxe5 fxe5 33. Kb2 Nf6 34. Kc2 h5 35. Kd2 Bd7 36. Nb2 Bb5 37. Nc4 Bxc4 38. bxc4 Nd7 39. Nd3 Ke7 40. Kc3 Kd8 41. Kb3 Kc7 42. Ka4 Kb6 43. Nf2 Kc5 44. Nh3 g4 45. Ng5 Kxc4 46. Kxa5 Kd4 47. Kb5 Nf6 48. Kc6 Nxe4 49. Nxe4 Kxe4 50. Kxd6 Kd4 51. Ke6 e4 52. d6 e3 53. d7 e2 54. d8Q+ Ke3 55. Qe8 e1Q 56. Kf5+ Kf2 57. Qxe1+ Kxe1 58. Kf4 Kf2 59. Kg5 Kxg2 1/2-1/2

[Event "Potiguar-ch sf"]
[Site "Natal"]
[Date "2015.09.07"]
[Round "6"]
[White "Oliveira Jr, Antonio Fernandes"]
[Black "Do Nascimento, Denner Leonardo O"]
[Result "1-0"]
[WhiteElo "1857"]
[BlackElo "1447"]
[PlyCount "121"]
[EventDate "2015.09.04"]
[EventType "swiss"]
[EventRounds "7"]
[EventCountry "BRA"]
[SourceTitle "EXT 2022"]
[Source "ChessBase"]
[SourceDate "2021.10.06"]
[SourceVersion "1"]
[SourceVersionDate "2021.10.06"]
[SourceQuality "1"]

1. d4 Nf6 2. c4 g6 3. Nf3 Bg7 4. g3 0-0 5. Bg2 d6 6. 0-0 c6 7. Nc3 Nbd7 8. e4 e5 9. d5 cxd5 10. cxd5 a6 11. Ne1 b5 12. Nd3 Nb6 13. b3 Bd7 14. Bb2 a5 15. f4 b4 16. Ne2 Ng4 17. Qd2 f5 18. h3 fxe4 19. Bxe4 Nf6 20. Bg2 e4 21. Ne1 Nbxd5 22. Bxe4 Bxh3 23. Bxd5+ Kh8 24. Bg2 Bxg2 25. Nxg2 Qb6+ 26. Bd4 Ne4 27. Qe3 Bxd4 28. Qxd4+ Qxd4+ 29. Nxd4 Nxg3 30. Rfe1 Nf5 31. Nxf5 Rxf5 32. Re7 d5 33. Rae1 Rff8 34. Rd7 Rfe8 35. Rxe8+ Rxe8 36. Rxd5 Ra8 37. Kf2 a4 38. Rb5 axb3 39. axb3 Ra2+ 40. Kf3 Rb2 41. Rxb4 Kg7 42. Rb7+ Kf6 43. Ne3 Ke6 44. Nc4 Rb1 45. Nd2 Rb2 46. Ke3 Kd5 47. Rxh7 Ke6 48. Rb7 Kf5 49. Rb5+ Kf6 50. b4 Ke6 51. Kd3 Kd6 52. Nc4+ Kc6 53. Rc5+ Kd7 54. Nxb2 Ke6 55. Ke4 Kf6 56. b5 Ke6 57. b6 Kf6 58. b7 Ke6 59. b8Q Kf7 60. Rc7+ Ke6 61. Qb6# 1-0

[Event "Potiguar-ch sf"]
[Site "Natal"]
[Date "2015.09.05"]
[Round "2.19"]
[White "Do Nascimento, Denner Leonardo O"]
[Black "Carneiro, Jose Gildivan"]
[Result "1-0"]
[WhiteElo "1447"]
[BlackElo "1646"]
[PlyCount "55"]
[EventDate "2015.09.04"]
[EventType "swiss"]
[EventRounds "7"]
[EventCountry "BRA"]
[SourceTitle "EXT 2022"]
[Source "ChessBase"]
[SourceDate "2021.10.06"]
[SourceVersion "1"]
[SourceVersionDate "2021.10.06"]
[SourceQuality "1"]

1. d4 Nf6 2. c4 d6 3. Nc3 g6 4. e4 Bg7 5. f3 0-0 6. Be3 c6 7. Nge2 Qb6 8. Qd2 Bd7 9. Nc1 Qc7 10. Nb3 Be6 11. Nc1 Rd8 12. Nb3 a6 13. Nc1 b5 14. b3 b4 15. Na4 c5 16. Qf2 Bd7 17. Nb2 Rc8 18. Ncd3 cxd4 19. Bxd4 Nc6 20. Be3 a5 21. Na4 Ra6 22. Rc1 Rb8 23. Be2 Nd8 24. c5 Bxa4 25. cxd6 Qd7 26. Nc5 Qxd6 27. Nxa6 Rb7 28. Rd1 1-0

[Event "Potiguar-ch sf"]
[Site "Natal"]
[Date "2015.09.05"]
[Round "3.13"]
[White "Do Nascimento, Denner Leonardo O"]
[Black "Da Silva, Douglas Barbosa"]
[Result "0-1"]
[WhiteElo "1447"]
[BlackElo "1854"]
[PlyCount "80"]
[EventDate "2015.09.04"]
[EventType "swiss"]
[EventRounds "7"]
[EventCountry "BRA"]
[SourceTitle "EXT 2022"]
[Source "ChessBase"]
[SourceDate "2021.10.06"]
[SourceVersion "1"]
[SourceVersionDate "2021.10.06"]
[SourceQuality "1"]

1. d4 d5 2. c4 c6 3. cxd5 cxd5 4. Nc3 Nc6 5. Bf4 Nf6 6. Nf3 e6 7. e3 Qa5 8. Nd2 a6 9. a3 Be7 10. Bd3 0-0 11. 0-0 Qd8 12. b4 b6 13. b5 Na5 14. a4 Bb7 15. bxa6 Bxa6 16. Bxa6 Rxa6 17. Nb5 Ne8 18. Rc1 Nd6 19. Nc7 Ra7 20. Bxd6 Bxd6 21. Nb5 Ra8 22. Nxd6 Qxd6 23. Nb3 Nc4 24. Nd2 Nxd2 25. Qxd2 Rxa4 26. Ra1 Rfa8 27. Qb2 Rxa1 28. Rxa1 Rxa1+ 29. Qxa1 Qc6 30. Kf1 g6 31. Ke1 b5 32. Kd2 Qc4 33. Qc1 b4 34. Qc2 Kf8 35. Qxc4 dxc4 36. e4 Ke7 37. e5 Kd7 38. f4 Kc6 39. g4 Kd5 40. h4 Kxd4 0-1

[Event "Rio Grande do Norte zt CBX"]
[Site "Natal"]
[Date "2015.03.29"]
[Round "5.12"]
[White "Batista, Francisco Klemberg"]
[Black "Do Nascimento, Denner Leonardo O"]
[Result "1-0"]
[WhiteElo "1746"]
[BlackElo "1465"]
[PlyCount "51"]
[EventDate "2015.03.27"]
[EventType "swiss"]
[EventRounds "5"]
[EventCountry "BRA"]
[SourceTitle "EXT 2022"]
[Source "ChessBase"]
[SourceDate "2021.10.06"]
[SourceVersion "1"]
[SourceVersionDate "2021.10.06"]
[SourceQuality "1"]

1. e4 c5 2. Nf3 d6 3. d4 cxd4 4. Nxd4 Nf6 5. Nc3 a6 6. Bg5 e6 7. f4 Nbd7 8. Qf3 Be7 9. 0-0-0 Qc7 10. g4 b5 11. Bxf6 Bxf6 12. Bxb5 Bxd4 13. Bxd7+ Bxd7 14. Rxd4 0-0 15. Rhd1 d5 16. exd5 Rad8 17. dxe6 Bxe6 18. Rxd8 Rxd8 19. Rxd8+ Qxd8 20. f5 Bc4 21. b3 Bb5 22. Nxb5 axb5 23. Kb2 b4 24. Qd3 Qf6+ 25. c3 h6 26. Kc2 1-0

[Event "Recife Regiao op"]
[Site "Recife"]
[Date "2014.11.01"]
[Round "6"]
[White "Do Nascimento, Denner Leonardo O"]
[Black "Costa, Edvaldo da Cruz"]
[Result "0-1"]
[WhiteElo "1555"]
[BlackElo "1611"]
[PlyCount "102"]
[EventDate "2014.10.30"]
[EventType "swiss"]
[EventRounds "7"]
[EventCountry "BRA"]
[SourceTitle "EXT 2015"]
[Source "ChessBase"]
[SourceDate "2014.11.20"]
[SourceVersion "1"]
[SourceVersionDate "2014.11.20"]
[SourceQuality "1"]

1. e4 e6 2. d4 d5 3. Nc3 Nf6 4. Bg5 dxe4 5. Nxe4 Be7 6. Nxf6+ Bxf6 7. Bxf6 gxf6 8. g3 Nc6 9. Nf3 Qd5 10. Bg2 Qa5+ 11. c3 Qb5 12. b3 Bd7 13. Qd2 0-0-0 14. Bf1 Qf5 15. Qd3 e5 16. Qxf5 Bxf5 17. dxe5 Rhe8 18. Bg2 Nxe5 19. 0-0 Nxf3+ 20. Bxf3 Bh3 21. Bg2 Bxg2 22. Kxg2 Re2 23. Rfe1 Rdd2 24. Rxe2 Rxe2 25. Kf1 Rc2 26. c4 c5 27. Kg1 Kd7 28. f4 Ke6 29. g4 f5 30. g5 f6 31. h4 Kf7 32. Rd1 fxg5 33. Rd7+ Kg6 34. hxg5 Rxa2 35. Rxb7 h6 36. gxh6 Kxh6 37. Rb5 Kh5 38. Rxc5 Kg4 39. Rc7 Kxf4 40. b4 a5 41. b5 a4 42. b6 a3 43. Ra7 Ke4 44. c5 Kd5 45. Rc7 Ra1+ 46. Kf2 a2 47. b7 Rb1 48. c6 a1Q 49. Rc8 Qd4+ 50. Ke2 Rb2+ 51. Kf3 Qf2# 0-1

[Event "Recife Regiao op"]
[Site "Recife"]
[Date "2014.11.01"]
[Round "5"]
[White "Mathias, Carlos Augusto De C"]
[Black "Do Nascimento, Denner Leonardo O"]
[Result "1-0"]
[WhiteElo "1506"]
[BlackElo "1555"]
[PlyCount "125"]
[EventDate "2014.10.30"]
[EventType "swiss"]
[EventRounds "7"]
[EventCountry "BRA"]
[SourceTitle "EXT 2015"]
[Source "ChessBase"]
[SourceDate "2014.11.20"]
[SourceVersion "1"]
[SourceVersionDate "2014.11.20"]
[SourceQuality "1"]

1. d4 Nf6 2. Nf3 g6 3. Bf4 d6 4. Nbd2 Bg7 5. e3 0-0 6. Bd3 c5 7. c3 Nc6 8. Bc2 e5 9. dxe5 dxe5 10. Nxe5 Nxe5 11. Bxe5 Ng4 12. Bxg7 Kxg7 13. h3 Nxf2 14. Kxf2 f5 15. Nf3 Qc7 16. Qe2 b5 17. Rad1 c4 18. Rd4 Bb7 19. Rhd1 Rf7 20. Qd2 Bc6 21. Rd6 Qb7 22. Qd4+ Kh6 23. Qf4+ Kg7 24. Nh4 Re8 25. Qd4+ Kg8 26. Nf3 Bxf3 27. gxf3 Qe7 28. Re1 f4 29. Be4 Qh4+ 30. Ke2 Qxh3 31. Rd8 Qg2+ 32. Kd1 Rxd8 33. Qxd8+ Kg7 34. Qd4+ Rf6 35. exf4 Qxb2 36. Bc2 Qa3 37. Re6 Qf8 38. Rxf6 Qxf6 39. Qxa7+ Kh6 40. Qd4 Qh4 41. Kc1 Qh1+ 42. Qd1 Qh4 43. Qd2 Qh1+ 44. Qd1 Qh4 45. a4 Qxf4+ 46. Qd2 Qxd2+ 47. Kxd2 bxa4 48. Bxa4 Kg5 49. Bb5 Kf4 50. Ke2 h5 51. Bxc4 g5 52. Kf2 g4 53. fxg4 hxg4 54. Be2 g3+ 55. Kg2 Ke3 56. Bf1 Kd2 57. c4 Kc3 58. Kxg3 Kd4 59. Kf4 Kc5 60. Ke5 Kc6 61. Kd4 Kc7 62. Kd5 Kd7 63. c5 1-0

[Event "Recife Regiao op"]
[Site "Recife"]
[Date "2014.10.31"]
[Round "3"]
[White "Do Nascimento, Denner Leonardo O"]
[Black "Azevedo, Eduardo Jose E"]
[Result "0-1"]
[WhiteElo "1555"]
[BlackElo "1820"]
[PlyCount "44"]
[EventDate "2014.10.30"]
[EventType "swiss"]
[EventRounds "7"]
[EventCountry "BRA"]
[SourceTitle "EXT 2015"]
[Source "ChessBase"]
[SourceDate "2014.11.20"]
[SourceVersion "1"]
[SourceVersionDate "2014.11.20"]
[SourceQuality "1"]

1. e4 d6 2. d4 Nf6 3. Nc3 g6 4. f4 Bg7 5. Nf3 0-0 6. Bd3 Nc6 7. 0-0 Bg4 8. Be3 e5 9. d5 Nd4 10. h3 Nxf3+ 11. gxf3 Bxh3 12. Rf2 exf4 13. Bxf4 Nh5 14. Bd2 Bd4 15. Ne2 Qh4 16. Be1 Bxf2+ 17. Bxf2 Qg5+ 18. Ng3 Nxg3 19. Qe1 Nxe4+ 20. Bg3 Nxg3 21. Kh2 Nh5 22. Kxh3 Nf4+ 0-1

[Event "Recife Regiao op"]
[Site "Recife"]
[Date "2014.10.30"]
[Round "2"]
[White "Do Nascimento, Denner Leonardo O"]
[Black "Camara, Jose Arruda"]
[Result "0-1"]
[WhiteElo "1555"]
[BlackElo "1905"]
[PlyCount "82"]
[EventDate "2014.10.30"]
[EventType "swiss"]
[EventRounds "7"]
[EventCountry "BRA"]
[SourceTitle "EXT 2015"]
[Source "ChessBase"]
[SourceDate "2014.11.20"]
[SourceVersion "1"]
[SourceVersionDate "2014.11.20"]
[SourceQuality "1"]

1. e4 e6 2. d4 d5 3. Nc3 Nf6 4. Bg5 Bb4 5. e5 h6 6. Bxf6 gxf6 7. exf6 Qxf6 8. a3 Ba5 9. Nf3 Nd7 10. b4 Bb6 11. a4 a5 12. b5 c5 13. bxc6 bxc6 14. Rb1 Bc7 15. Ne2 0-0 16. Ng3 e5 17. dxe5 Nxe5 18. Rb3 Bg4 19. Be2 Kh8 20. Nxe5 Bxe2 21. Qxe2 Rae8 22. 0-0 Rxe5 23. Qd2 Rg5 24. f4 Rg4 25. Nh5 Qd6 26. g3 c5 27. h3 Rg6 28. f5 Rg5 29. g4 Rfg8 30. Rg3 Rxh5 31. Rff3 Rxf5 32. gxf5 Rxg3+ 33. Rxg3 Qxg3+ 34. Qg2 Qxg2+ 35. Kxg2 Kg7 36. Kf3 Kf6 37. Kg4 d4 38. Kh5 Bf4 39. Kg4 Bg5 40. h4 Bxh4 41. Kxh4 Kxf5 0-1

[Event "American Continental 10th"]
[Site "Praia da Pipa"]
[Date "2014.10.22"]
[Round "6"]
[White "Gomes, Carlos Henrique Cal"]
[Black "Do Nascimento, Denner Leonardo O"]
[Result "1-0"]
[WhiteElo "1888"]
[BlackElo "1555"]
[PlyCount "107"]
[EventDate "2014.10.18"]
[EventType "swiss"]
[EventRounds "11"]
[EventCountry "BRA"]
[SourceTitle "EXT 2015"]
[Source "ChessBase"]
[SourceDate "2014.11.20"]
[SourceVersion "1"]
[SourceVersionDate "2014.11.20"]
[SourceQuality "1"]

1. d4 Nf6 2. Nf3 g6 3. c4 Bg7 4. Nc3 0-0 5. e4 d6 6. h3 e5 7. Be3 Nc6 8. d5 Ne7 9. Be2 Nd7 10. Qd2 f5 11. Bh6 fxe4 12. Bxg7 Kxg7 13. Ng5 Nf6 14. Ngxe4 Nf5 15. h4 Nd4 16. h5 Nxh5 17. Bxh5 gxh5 18. Rxh5 Kh8 19. Ng5 Bf5 20. Nce4 Bg6 21. Rh6 Nf5 22. Ne6 Qe7 23. Rh2 Rfe8 24. 0-0-0 Nd4 25. N4g5 c6 26. Nxd4 exd4 27. Qxd4+ Qe5 28. Qxe5+ Rxe5 29. Nf3 Re2 30. Rd2 Rxd2 31. Kxd2 cxd5 32. cxd5 Rc8 33. Nd4 Be4 34. Rh6 Bxd5 35. Rxd6 Bxa2 36. Rd7 Rb8 37. b3 Bb1 38. f3 Bg6 39. f4 h5 40. g3 a5 41. f5 Be8 42. Re7 b5 43. f6 a4 44. f7 Bxf7 45. Rxf7 a3 46. Rf5 a2 47. Nc2 Kh7 48. Rxh5+ Kg6 49. Rc5 Rf8 50. Rc6+ Kg7 51. Ra6 Rf3 52. b4 Rxg3 53. Rxa2 Kf6 54. Ra5 1-0

[Event "American Continental 10th"]
[Site "Praia da Pipa"]
[Date "2014.10.21"]
[Round "5"]
[White "Do Nascimento, Denner Leonardo O"]
[Black "Lunelli, Neuri Antonio"]
[Result "0-1"]
[WhiteElo "1555"]
[BlackElo "1887"]
[PlyCount "60"]
[EventDate "2014.10.18"]
[EventType "swiss"]
[EventRounds "11"]
[EventCountry "BRA"]
[SourceTitle "EXT 2015"]
[Source "ChessBase"]
[SourceDate "2014.11.20"]
[SourceVersion "1"]
[SourceVersionDate "2014.11.20"]
[SourceQuality "1"]

1. d4 Nf6 2. c4 d6 3. Nc3 e5 4. dxe5 dxe5 5. Qxd8+ Kxd8 6. g3 c6 7. Bg2 Be6 8. b3 Nbd7 9. Ne4 Nxe4 10. Bxe4 f5 11. Bg2 Kc7 12. Bd2 Be7 13. e4 Bf6 14. Rd1 a5 15. Ne2 a4 16. Nc1 Rhe8 17. 0-0 g5 18. exf5 Bxf5 19. Bc3 g4 20. f3 h5 21. Rfe1 Bg5 22. Nd3 gxf3 23. Bxe5+ Nxe5 24. Rxe5 Rxe5 25. Nxe5 fxg2 26. Kxg2 axb3 27. axb3 Ra2+ 28. Kg1 Be3+ 29. Kf1 Bh3+ 30. Ke1 Bf2# 0-1

[Event "American Continental 10th"]
[Site "Praia da Pipa"]
[Date "2014.10.18"]
[Round "1"]
[White "Do Nascimento, Denner Leonardo O"]
[Black "Souza, Marcos Valerio"]
[Result "0-1"]
[WhiteElo "1555"]
[BlackElo "2117"]
[PlyCount "52"]
[EventDate "2014.10.18"]
[EventType "swiss"]
[EventRounds "11"]
[EventCountry "BRA"]
[SourceTitle "EXT 2015"]
[Source "ChessBase"]
[SourceDate "2014.11.20"]
[SourceVersion "1"]
[SourceVersionDate "2014.11.20"]
[SourceQuality "1"]

1. d4 Nf6 2. c4 g6 3. Nc3 Bg7 4. e4 d6 5. Nf3 0-0 6. Be2 e5 7. 0-0 Nc6 8. d5 Ne7 9. Be3 Ng4 10. Bg5 h6 11. Bd2 f5 12. Ne1 Nf6 13. Qc2 f4 14. b4 g5 15. f3 h5 16. Nd3 Ng6 17. Nf2 g4 18. a4 g3 19. hxg3 fxg3 20. Nd3 Nh7 21. Nf2 Qh4 22. Nh3 Bxh3 23. Be1 Bxg2 24. Bxg3 Qxg3 25. Rf2 Nf4 26. Bf1 Nh3# 0-1

[Event "Potiguar-ch"]
[Site "Natal"]
[Date "2014.08.23"]
[Round "8"]
[White "De Macedo, Luiz Soares"]
[Black "Do Nascimento, Denner Leonardo O"]
[Result "1-0"]
[WhiteElo "1652"]
[BlackElo "1800"]
[PlyCount "23"]
[EventDate "2014.08.15"]
[EventType "swiss"]
[EventRounds "9"]
[EventCountry "BRA"]
[SourceTitle "CBM 162 Extra"]
[Source "ChessBase"]
[SourceDate "2014.10.17"]
[SourceVersion "1"]
[SourceVersionDate "2014.10.17"]
[SourceQuality "1"]

1. d4 Nf6 2. Nf3 g6 3. Nc3 Bg7 4. e4 d6 5. Be2 0-0 6. 0-0 Nbd7 7. Bg5 Ne8 8. Re1 f5 9. Qd2 c6 10. Bh6 fxe4 11. Bxg7 exf3 12. Bxf8 1-0

[Event "Potiguar-ch"]
[Site "Natal"]
[Date "2014.08.22"]
[Round "6"]
[White "De Carvalho, Matheus Leao"]
[Black "Do Nascimento, Denner Leonardo O"]
[Result "1-0"]
[WhiteElo "1797"]
[BlackElo "1800"]
[PlyCount "29"]
[EventDate "2014.08.15"]
[EventType "swiss"]
[EventRounds "9"]
[EventCountry "BRA"]
[SourceTitle "CBM 162 Extra"]
[Source "ChessBase"]
[SourceDate "2014.10.17"]
[SourceVersion "1"]
[SourceVersionDate "2014.10.17"]
[SourceQuality "1"]

1. e4 d6 2. f4 e5 3. f5 d5 4. exd5 Bxf5 5. Nf3 Qxd5 6. Qe2 Nc6 7. Nc3 Qe6 8. Qb5 0-0-0 9. Bc4 Qd7 10. 0-0 Be6 11. Bxe6 Qxe6 12. Ng5 Nd4 13. Nxe6 Nxb5 14. Nxd8 Nxc3 15. Nxf7 1-0

[Event "Natal Potiguar op 4th"]
[Site "Natal"]
[Date "2014.07.26"]
[Round "2"]
[White "De Araujo, Antonio Jose"]
[Black "Do Nascimento, Denner Leonardo O"]
[Result "1/2-1/2"]
[WhiteElo "1676"]
[BlackElo "1800"]
[PlyCount "85"]
[EventDate "2014.07.25"]
[EventType "swiss"]
[EventRounds "5"]
[EventCountry "BRA"]
[SourceTitle "EXT 2015"]
[Source "ChessBase"]
[SourceDate "2014.11.20"]
[SourceVersion "1"]
[SourceVersionDate "2014.11.20"]
[SourceQuality "1"]

1. Nf3 Nf6 2. g3 b6 3. Bg2 Bb7 4. 0-0 g6 5. d4 Bg7 6. c3 0-0 7. Bf4 d6 8. Na3 Nbd7 9. Rc1 c5 10. Nc2 cxd4 11. cxd4 Rc8 12. Nb4 Rxc1 13. Qxc1 Qc8 14. Qxc8 Rxc8 15. Rc1 Rxc1+ 16. Bxc1 a5 17. Nc2 b5 18. b3 e5 19. dxe5 Nxe5 20. Nxe5 Bxg2 21. Nxg6 Be4 22. Ne7+ Kf8 23. Nc8 Bxc2 24. Nxd6 a4 25. b4 Bd1 26. Kf1 Nd5 27. Nxb5 Nc3 28. Nxc3 Bxc3 29. a3 Bb3 30. b5 Bd5 31. Be3 Bb2 32. Bc5+ Ke8 33. f3 Bf6 34. Ke1 Be7 35. Bxe7 Kxe7 36. Kd2 Kd6 37. Kc3 Kc5 38. e4 Be6 39. f4 Kxb5 40. Kd4 h5 41. h3 Kc6 42. g4 hxg4 43. hxg4 1/2-1/2

[Event "Natal Potiguar op 4th"]
[Site "Natal"]
[Date "2014.07.25"]
[Round "1"]
[White "Do Nascimento, Denner Leonardo O"]
[Black "Macedo, Alexandre Soares"]
[Result "0-1"]
[WhiteElo "1800"]
[BlackElo "1873"]
[PlyCount "44"]
[EventDate "2014.07.25"]
[EventType "swiss"]
[EventRounds "5"]
[EventCountry "BRA"]
[SourceTitle "EXT 2015"]
[Source "ChessBase"]
[SourceDate "2014.11.20"]
[SourceVersion "1"]
[SourceVersionDate "2014.11.20"]
[SourceQuality "1"]

1. d4 c5 2. Nf3 Nf6 3. g3 g6 4. Bg2 Bg7 5. 0-0 0-0 6. b3 cxd4 7. Nxd4 Nc6 8. Bb2 Qb6 9. Nxc6 dxc6 10. Na3 Be6 11. c4 Rfd8 12. Qc2 Qa5 13. Rad1 Rxd1 14. Rxd1 Rd8 15. Rxd8+ Qxd8 16. Qc1 Qa5 17. Qe3 Qa6 18. Qd2 Qb6 19. Nc2 Ne4 20. Qf4 Bxb2 21. Qxe4 Bf5 22. Qxe7 Bxc2 0-1